000 00594cam a2200205 i 4500
999 _c125079
_d125079
001 19838273
005 20211223100936.0
008 170725s2018 paua b 001 0 eng
020 _a9781496346421 (pbk.)
040 _cPK-LaUMT
082 0 0 _a615.7076
_223
_bBER-W
100 1 _aBeringer, Paul
245 1 0 _aWinter's basic clinical pharmacokinetics /
_cby Paul M. Beringer
250 _a6th ed.
260 _aPhiladelphia :
_bWolters Kluwer,
_c2018
300 _axiv, 530 p. :
_bcolor illusgtrations ;
_c24 cm
650 0 _aPharmacokinetics.
650 0 _aPharmacokinetics
942 _cBK